National Park Quiz - Everglades - Statistics

General Stats
  • This quiz has been taken 31 times
  • The average score is 10 of 16
Answer Stats
Hint Answer % Correct
Metropolitan area east of the Everglades Miami
90%
The Everglades are the only place on Earth where alligators live alongside what other reptile species? Crocodile
81%
Invasive snake from Southeast Asia Burmese {python}
76%
Pink birds native to the Everglades Flamingo
76%
Endangered cat species of around 120–230 left Florida {panther}
71%
Aquatic mammal in the Everglades that also goes by the name "sea cow" Manatee
71%
Nickname of Everglades Parkway, the section of I-75 that cuts through the Everglades {Alligator} Alley
62%
Name one of the two Florida national parks besides the Everglades Biscayne | Dry Tortugas
62%
Lake fed by the Kissimmee River that outflows into the Everglades Lake Okeechobee
62%
Type of tree that can be found all across the swamps of the Everglades (starts with "M") Mangrove
62%
Bay between Everglades National Park and the Florida Keys Florida Bay
57%
Pink birds native to the Everglades Roseate {spoonbill}
52%
Portions of the Everglades have been transformed into farmland. What is the most extensive crop grown on that land? Sugarcane
48%
What did Marjory Stoneman Douglas refer to the Everglades as? River of {Grass}
43%
Flat-bottomed boats used for tours of the Everglades Airboat
38%
Wildlife preserve north of Everglades National Park Big {Cypress}
38%
No matching quizzes found
Score Distribution
Percent of People with Each Score
Percentile by Number Answered
Your Score History
You have not taken this quiz